Böhmisches Glas /

Main Author: Drahotová, Olga, 1932-2021
Language: German
Published: Praha : Odeon, 1970
Edition: 1. Ausg.
Physical Description: 98 s.
Book
Saved in:
LEADER 00688nam a22002412a 4500
001 000106869
003 CZ BrMZK
005 20211005135144.0
007 ta
008 950101s1970 xr f ger d
015 |a cnb000452878 
040 |a BOA001  |b cze 
041 1 |a ger  |h cze 
100 1 |a Drahotová, Olga,  |d 1932-2021  |7 jk01022968  |4 aut 
245 1 0 |a Böhmisches Glas /  |c Olga Drahotová 
250 |a 1. Ausg. 
260 |a Praha :  |b Odeon,  |c 1970 
300 |a 98 s. 
500 |a Přeloženo z češtiny 
765 0 |t České sklo  |9 Německy 
910 |a BOA001  |b 1-0644.784 
990 |a BK 
996 6 |b 2619993036  |c 1-0644.784  |l MZK  |r Sklad / do 1 hodiny  |n 4  |w 000106869  |u 000010  |a 1  |e BOA001  |j MZK50  |s P